Responses for Show #1988 - Wednesday, April 7, 1993

David Tiemann game 2.

Contestants

[<< previous game]

Al Sanders, a computer scientist from Nashua, New Hampshire

Mary Ann Fusco, a writer and editor originally from Caracas, Venezuela

David Tiemann, a high school teacher from Brunswick, Maine (whose 1-day cash winnings total $15,100)

[next game >>]

Jeopardy! Round responses

LAKES & RIVERS
HOLIDAYS & OBSERVANCES
ANATOMY
THE HISTORY OF HAIR
LE CINEMA STALLONE
"GO" FOR IT
    $100 1
the Amazon

Al
    $100 20
Flag Day

Al
    $100 6
the heart

David
    $100 14
brush it

Mary Ann
    $100 11
Brigitte Nielsen

Al
    $100 18
go steady

Al
    $200 2
the Rio Grande

David
    $200 24
Armistice Day

Al
    $200 7
the nails

Mary Ann
    $200 15
melt

Al
    $200 12
Bananas

Al
    $200 19
Go Fish

Mary Ann
    $300 3
Superior

David
    $300 25
Halloween

Al
    $300 8
the kidneys

Mary Ann
    $300 21
(Mary Ann: What are wigs?)

beards

Mary Ann
Triple Stumper
    $300 13
The Lords of Flatbush

Mary Ann
    $300 28
a go-between

David
    $400 4
Lake Victoria

Al
    $400 26
Labor Day

Al
    $400 9
the salivary glands

David
    $400 22
gold

David
    $400 16
soccer

Al
    $400 29
"Goin' Out Of My Head"

David
    $500 5
the Grand Coulee Dam

Al
    $1,200 27
(Al: What is Memorial Day?)

Mother's Day

Al
    $500 10
the gluteus

Al
    $500 23
Madame de Pompadour

David
    $500 17
Tango & Cash

Triple Stumper
    $500 30
(Mary Ann: What is go gently into this good night?)
(David: What is go gently into that good night?)

go gentle into that good night

DavidMary Ann
Triple Stumper

Scores at the first commercial break (after clue 15):

David Mary Ann Al
$1,000 $900 $2,000

Scores at the end of the Jeopardy! Round:

David Mary Ann Al
$2,100 $300 $2,300

Double Jeopardy! Round responses

1793
THEATRE
VIRGINIA
BERRIES
(Alex: These are things that are called berries; they are not necessarily in the berry family in all cases.)
RUSSIAN RULERS
NOVEL CHARACTERS
(Alex: We will give you the characters; you have to identify the novel.)
    $200 12
Australia

David
    $200 25
kabuki

Al
    $200 18
Annabel Lee

Al
    $200 1
the cranberry

Al
    $200 7
Peter the Great

Mary Ann
    $200 2
Moby Dick

David
    $400 13
Boston

Al
    $400 26
(Al: What is The Madwomen of Chaillot?)
[Ruled correct; reversed before revealing the Final Jeopardy! clue]

The Madwoman of Chaillot

Al
Triple Stumper
    $400 19
the University of Virginia

Al
    $400 3
strawberries

David
    $400 8
Boris Yeltsin

David
    $400 17
Twenty Thousand Leagues Under the Sea

David
    $600 14
the breadfruit

Triple Stumper
    $600 28
Viola

Al
    $600 20
(Mary Ann: What is "Oh Shenandoah"?)

"Carry Me Back To Old Virginny"

Mary Ann
Triple Stumper
    $600 4
(David: What is the boysenberry?)

the blueberry

DavidMary Ann
    $600 9
Catherine the Great

Mary Ann
    $600 23
Ivanhoe

David
    $1,000 15
Poland

Al
    $800 29
(Henrik) Ibsen

Mary Ann
    $800 21
Jamestown

David
    $800 5
(Al: What are cherries?)

raspberries

Al
Triple Stumper
    $800 10
Nicholas

Al
    $1,000 24
(David: What is Tom Sawyer?)

Vanity Fair

David
    $1000 16
Charlotte Corday

Triple Stumper
    $1000 30
Sophocles

Al
    $1000 22
Monroe

Al
    $1000 6
(David: What is a sloe?)

juniper

David
Triple Stumper
    $1000 11
Lenin

David
    $1000 27
Brave New World

Triple Stumper

Scores at the end of the Double Jeopardy! Round:

David Mary Ann Al
$3,500 $1,900 $6,900

[wagering suggestions for these scores]

Final Jeopardy! Round responses

AFRICA
Mary AnnWhat is Morocco?
$1,900
DavidWhat is [letter scratched out] Morocco?
$3,499
AlWhat is Algeria?
$200
Morocco

Final scores:

David Mary Ann Al
$6,999 $3,800 $6,700
2-day champion: $22,099 3rd place: Service Merchandise gift certificate + Wheel of Fortune & Jeopardy! for the Super Nintendo Entertainment System & Sega Genesis + Jeopardy! home game 2nd place: Dynamark security system + Jules Jurgensen ladies watch + Jeopardy! home game

Game dynamics:

Coryat scores:

David Mary Ann Al
$4,500 $1,900 $7,900
16 R,
4 W
(including 1 DD)
9 R,
3 W
23 R
(including 1 DD),
3 W
(including 1 DD)

Combined Coryat: $14,300

[game clues] [game scores] [suggest correction]

Game tape date: 1992-12-07
The J! Archive is created by fans, for fans. Scraping, republication, monetization, and malicious use prohibited; this site may use cookies and collect identifying information. See terms. The Jeopardy! game show and all elements thereof, including but not limited to copyright and trademark thereto, are the property of Jeopardy Productions, Inc. and are protected under law. This website is not affiliated with, sponsored by, or operated by Jeopardy Productions, Inc. Join the discussion at JBoard.tv.